Higar : (Registro nro. 8561)
[ vista simple ]
| 000 -CABECERA | |
|---|---|
| campo de control de longitud fija | 00766cam a2200205 a 4500 |
| 001 - NÚMERO DE CONTROL | |
| campo de control | 000008792 |
| 005 - FECHA Y HORA DE LA ÚLTIMA TRANSACCIÓN | |
| campo de control | 20200929161417.0 |
| 008 - DATOS DE LONGITUD FIJA--INFORMACIÓN GENERAL | |
| campo de control de longitud fija | 780919s1977 ec 000 1 spa |
| 040 ## - FUENTE DE LA CATALOGACIÓN | |
| Centro catalogador/agencia de origen | DO-SdBNP |
| Centro/agencia transcriptor | DLC |
| Centro/agencia modificador | DLC |
| 082 ## - NÚMERO DE LA CLASIFICACIÓN DECIMAL DEWEY | |
| Número de clasificación | E863.44 |
| Número de documento/Ítem | B275h |
| 049 ## - FONDOS LOCALES (OCLC) | |
| Fondos de biblioteca | BNGR |
| 100 1# - ENTRADA PRINCIPAL--NOMBRE DE PERSONA | |
| Nombre de persona | Barriga López, Leonardo. |
| 9 (RLIN) | 23337 |
| 245 10 - MENCIÓN DE TÍTULO | |
| Título | Higar : |
| Resto del título | relatos del Ande / |
| Mención de responsabilidad, etc. | Leonardo Barriga López. |
| 260 ## - PUBLICACIÓN, DISTRIBUCIÓN, ETC. | |
| Lugar de publicación, distribución, etc. | Quito : |
| Nombre del editor, distribuidor, etc. | Casa de la Cultura Ecuatoriana, |
| Fecha de publicación, distribución, etc. | 1977. |
| 300 ## - DESCRIPCIÓN FÍSICA | |
| Extensión | 100 p. ; |
| Dimensiones | 18 cm. |
| 505 0# - NOTA DE CONTENIDO CON FORMATO | |
| Nota de contenido con formato | Tigasig -- El chueco -- El runa llama -- La tierra ajena -- El cabecilla -- Llacta runa -- El extrano -- Salchichas en el desayuno -- Pelafustanillo -- Higar. |
| 650 #4 - PUNTO DE ACCESO ADICIONAL DE MATERIA--TÉRMINO DE MATERIA | |
| Término de materia o nombre geográfico como elemento de entrada | Novela ecuatoriana |
| 9 (RLIN) | 5017 |
| 650 #4 - PUNTO DE ACCESO ADICIONAL DE MATERIA--TÉRMINO DE MATERIA | |
| Término de materia o nombre geográfico como elemento de entrada | Literatura ecuatoriana |
| 9 (RLIN) | 3938 |
| 910 ## - DATOS DE OPCIÓN DEL USUARIO (OCLC) | |
| Datos de opción del usuario | Catalogación por copia / LC |
| Estado de retiro | Estado de pérdida | Restricciones de uso | No para préstamo | Código de colección | Localización permanente | Ubicación/localización actual | Ubicación en estantería | Fecha de adquisición | Número de inventario | Total de préstamos | Signatura topográfica completa | Código de barras | Fecha visto por última vez | Precio válido a partir de | Tipo de ítem Koha |
|---|---|---|---|---|---|---|---|---|---|---|---|---|---|---|---|
| Préstamo interno | Monografías: Libros y Folletos | General | General | En catalogación | 18.09.2009 | LF1 | E863.44 B275h | 8792-10 | 25.06.2020 | 25.06.2020 | Préstamo interno |
